| 000 | 00800nas a2200277 4500 | ||
|---|---|---|---|
| 001 | BR0600327 | ||
| 003 | BR-BrBNA | ||
| 005 | 20231205105803.0 | ||
| 007 | ta | ||
| 008 | 230509b bl.|||p| |||| 00| 00por d | ||
| 040 |
_aBR-BrBNA _bpor _cBiblioteca Nacional de Agricultura |
||
| 041 | _a(Pt) | ||
| 072 | _aQ02 | ||
| 100 | 1 | _aCunha, D.C. da | |
| 100 | 1 | _aSaraiva, D.P. | |
| 100 | 1 | _aDaoud, R. | |
| 100 | 1 | _aPinto, L.A. de A. | |
| 245 | 1 | _aEstudo do fracionamento físico do óleo de pescado via "winterização" | |
| 650 | _aÓLEO ANIMAL | ||
| 650 | _aPEIXE | ||
| 650 | _aPROCESSAMENTO | ||
| 650 | _aREFINAÇÃO | ||
| 773 | 0 |
_tBrazilian Journal of Food Technology (Brazil) _xISSN _g(2002), v. 5 p. 183-188 _wBR0600327 |
|
| 909 |
_a202311 _bLúcia _c55 _dLúcia Elande |
||
| 942 |
_2AGRIS _n0 _cANA |
||
| 999 |
_c184671 _d184671 |
||